| 000 | 00473cam a2200145 a 4500 | ||
|---|---|---|---|
| 020 | _a0786425490 (pbk. : alk. paper) | ||
| 020 | _a9780786425495 | ||
| 050 | 0 | 0 |
_aPS 3529.P5 _bZ55 2006 |
| 100 | 1 |
_aBarzilai, Lyn Graham, _d1950- |
|
| 245 | 1 | 0 |
_aGeorge Oppen : _ba critical study / _cLyn Graham Barzilai. |
| 260 |
_aJefferson, N.C. : _bMcFarland & Co., _cc2006. |
||
| 300 | _avii, 223 p. : | ||
| 856 | 4 | 1 | _uhttp://www.loc.gov/catdir/toc/ecip0612/2006013602.html |
| 942 |
_2lcc _cGEN |
||
| 999 |
_c13558 _d13558 |
||